Livio Boni (sous la direction de), L’Inde de la psychanalyse. Le sous-continent de l’inconscient, Paris, CampagnePremière/, 2011, 272 pages (notice n° 1605212)

détails MARC
000 -LEADER
fixed length control field 01822cam a2200181 4500500
005 - DATE AND TIME OF LATEST TRANSACTION
control field 20251228094946.0
041 ## - LANGUAGE CODE
Language code of text/sound track or separate title fre
042 ## - AUTHENTICATION CODE
Authentication code dc
100 10 - MAIN ENTRY--PERSONAL NAME
Personal name Baladier, Charles
Relator term author
245 00 - TITLE STATEMENT
Title Livio Boni (sous la direction de), L’Inde de la psychanalyse. Le sous-continent de l’inconscient, Paris, CampagnePremière/, 2011, 272 pages
260 ## - PUBLICATION, DISTRIBUTION, ETC.
Date of publication, distribution, etc. 2013.<br/>
500 ## - GENERAL NOTE
General note 76
520 ## - SUMMARY, ETC.
Summary, etc. L’étrange destin éditorial de l’enquête holmésienne intitulée La Boîte en carton, une aventure d’itinéraires complexes et détournés, permet de distinguer entre le sens caché du secret et l’absence de sens de l’énigme. La boîte, que l’on cache et où l’on cache, apparaît ainsi comme une représentation de l’énigme fondée sur la dichotomie du concret observable et de l’insaisissable.
520 ## - SUMMARY, ETC.
Summary, etc. The strange editorial destiny of the Holmesian investigation titled The Adventure of the Cardboard Box, an adventure of complex and misleading paths, allows us to distinguish between the hidden meaning of the secret and the absence of the enigma’s meaning.The box, which one hides and where one hides, appears thus as a representation of the enigma founded on the dichotomy between the observable concrete and the unattainable.
520 ## - SUMMARY, ETC.
Summary, etc. O estranho destino editorial da investigação holmesiana intitulada A Caixa de papelão, uma aventura tecida de itinerários labirínticos e complexos, permite distinguir o sentido oculto do secreto da ausência de sentido do enigma. A caixa que esconde e que é escondida surge assim como uma representação do enigma fundado na dicotomia entre o tangível e o intangível.
786 0# - DATA SOURCE ENTRY
Note Sigila | 31 | 1 | 2013-03-01 | p. 159e-164e | 1286-1715
856 41 - ELECTRONIC LOCATION AND ACCESS
Uniform Resource Identifier <a href="https://shs.cairn.info/revue-sigila-2013-1-page-159e?lang=fr&redirect-ssocas=7080">https://shs.cairn.info/revue-sigila-2013-1-page-159e?lang=fr&redirect-ssocas=7080</a>

Pas d'exemplaire disponible.

PLUDOC

PLUDOC est la plateforme unique et centralisée de gestion des bibliothèques physiques et numériques de Guinée administré par le CEDUST. Elle est la plus grande base de données de ressources documentaires pour les Étudiants, Enseignants chercheurs et Chercheurs de Guinée.

Adresse

627 919 101/664 919 101

25 boulevard du commerce
Kaloum, Conakry, Guinée

Réseaux sociaux

Powered by Netsen Group @ 2025